000 00610nam a2200181 a 4500
001 000041593
005 20201002035646.0
008 131011s1987 sp a 000 0 spa d
020 _a8400063716
040 _aDO-SdBNP
_bspa
_cBNPHU
082 _axxx
_bxxx
245 0 0 _aLibro de las suertes /
_canónimo ; edición de Rosa Navarro Durán.
250 _a2a ed.
260 _aMadrid :
_bConsejo Superior de Investigaciones Científicas,
_c1987.
300 _a326 p. :
_bil. ;
_c21 cm.
500 _aIncluye referencias bibliográficas y notas al pie de las páginas.
700 1 2 _aNavarro Duran, Rosa
_eed.
_915576
999 _c41083
_d41083